000
00312nam a22001337a 4500
003
SGT
082
_a
616.89
_b
O09K
100
_a
KERNICK, DAVID
245
_a
OXFORD CARE MANUAL HEAD A CHE: A PRACTICAL MANUAL
260
_a
NEW YORK
_b
OXFORD
_c
2009
300
_a
320
650
_a
PSYCHOLOGY
942
_2
ddc
_c
BK
999
_c
14526
_d
14526